| 000 | 01697nam a22002417a 4500 | ||
|---|---|---|---|
| 005 | 20250603150633.0 | ||
| 008 | 250414b |||||||| |||| 00| 0 eng d | ||
| 020 | _a9789811251177 | ||
| 040 | _cSDCL | ||
| 041 |
_2eng _aeng |
||
| 084 | _aX:328.1'P R2 | ||
| 100 |
_aLau, Lawrence J. _9236491 |
||
| 245 | _aAre there laws of innovation? | ||
| 260 |
_aLondon : _bWorld Scientific, _c2022. |
||
| 300 | _axviii, 226p. | ||
| 520 | _aBeyond real GDP, innovative capacity is an important indicator of the economic strength of a nation. By studying innovative capacity and other indicators of success in innovation across the Group-of-Seven (G7) Countries, the East Asian Newly Industrialised Economies (EANIEs) and Mainland China, this book will systematically establish a positive relationship between innovation outputs and inputs of different economies. In doing so, it seeks to answer the question — are there laws of innovation? It seeks to identify the determinants of innovation at the economy-wide level, ascertain whether these determinants are similar across different economies, and find suitable metrics for comparing relative success in innovation across different economies. It concludes that innovation, rather than being a stroke of good fortune, comes from research and development activities conducted over a long period of time, and sheds light on future trends and areas for further research. | ||
| 650 |
_aBusiness & Economics / Knowledge Capital _9811603 |
||
| 650 |
_aBusiness & Economics / Research & Development _9811604 |
||
| 650 |
_aLaw / Intellectual Property / Patent _9811605 |
||
| 700 |
_aXiong, Yanyan _9752244 |
||
| 942 |
_2CC _cTEXL _n0 |
||
| 999 |
_c1308944 _d1308944 |
||